000 00470nam a2200169Ia 4500
008 090711s9999 xx 000 0 und d
082 _b79221
100 _aथोरे अशोक
245 _aफुत्कार
260 _bगौरी प्रकाशन
_c1996
300 _a176
600 _aथोरे अशोक
630 _aफुत्कार
700 _aथोरे अशोक
730 _aफुत्कार
942 _cBOOK
999 _c291561
_d291561